000
00222nam a2200097 a 4500
005
20140414132011.0
008
110309s19uu xx 00 eng d
050
_a
VCD
_b
T91
245
_a
Tweenies Song Time.
999
_c
113264
_d
113264